Nelegálna práca, nelegálne zamestnávanie

Právny predpis, ktorý upravuje danú problematiku - zákon č. 82/2005 Z. z. o nelegálnej práci a nelegálnom zamestnávaní v znení neskorších predpisov. Vymedzenie pojmov. Zákaz nelegálnej práce a zákaz nelegálneho zamestnávania. Kontrola. Inšpektorát práce.

Salvato in:
Dettagli Bibliografici
Autore principale: Tomiová, Sandra
Natura: Capitolo di libro
Lingua:slovacco
Soggetti:
Tags: Aggiungi Tag
Nessun Tag, puoi essere il primo ad aggiungerne!!

MARC

LEADER 00000naa a2200000 4500
001 0150397
005 20231120123314.5
041 0 |a slo 
044 |a SK 
245 1 0 |a Nelegálna práca, nelegálne zamestnávanie  |c Sandra Mrukviová Tomiová 
520 |a Právny predpis, ktorý upravuje danú problematiku - zákon č. 82/2005 Z. z. o nelegálnej práci a nelegálnom zamestnávaní v znení neskorších predpisov. Vymedzenie pojmov. Zákaz nelegálnej práce a zákaz nelegálneho zamestnávania. Kontrola. Inšpektorát práce. 
610 2 0 |a práca 
610 2 0 |a právo pracovné 
610 2 0 |a legislatíva 
610 2 0 |a zamestnanci 
610 2 0 |a zamestnávatelia 
610 2 0 |a zamestnávanie cudzincov 
610 2 0 |a kontrola 
100 1 |a Tomiová, Sandra